| 000 | 01684nam a2200433 c 4500 | ||
|---|---|---|---|
| 003 | BLK | ||
| 005 | 20230721114430.0 | ||
| 008 | 180412b bul|||||r ||||||| ||bul|| | ||
| 010 | _aKNG00012168000 | ||
| 020 | _a954-02-0195-0 | ||
| 040 | _aBLK | ||
| 041 |
_aBUL _cBUL |
||
| 080 |
_aПсихоанализа _b159.964.2 _z159.964.2 |
||
| 080 |
_aСоциално поведение. Социална психология _b316.6 _z316.6 |
||
| 100 | 1 |
_aФройд, Зигмунд _eпърви автор _qпсихоаналитик _9363413 |
|
| 139 |
_aФройд, Зигмунд _bФ 85 |
||
| 245 | 1 | 0 |
_aВъжделение и страдание _cЗигмунд Фройд; прев. от нем. Маргарита Дилова. |
| 257 | _aAUT | ||
| 260 |
_bНаука и изкуство _c1996 _fВраца : Полипринт |
||
| 300 |
_a106 с. _c20 см |
||
| 380 | _a1 | ||
| 490 | 1 | _aСъвременна чуждестранна психология | |
| 500 | _aОриг. загл. Massenpsychologie und Ich-Analyse / Sigmund Freud. - 2 000 тир. | ||
| 650 | 4 |
_aПсихоанализа _9168303 |
|
| 650 | 4 |
_aСоциална психология _9243161 |
|
| 653 | _aпсихоанализа | ||
| 653 | _aстрадание | ||
| 653 | _aвъжделение | ||
| 653 | _aсоциална психология | ||
| 700 | 1 |
_aДилова, Маргарита _eпрев. от нем. _9255752 |
|
| 852 | _aЦб 188628 | ||
| 856 | 4 |
_qpdf _u |
|
| 856 | 4 |
_qpdf _u |
|
| 942 |
_cKNG _n0 _s1 |
||
| 944 |
_aCR _c15.01.2003 _lКети Илиева _k30550 |
||
| 944 |
_aED _c09.11.2009 _lф / |
||
| 999 |
_c10667 _d10667 |
||
| 999 | _d10667 | ||
| 999 | _d10667 | ||